Dva retribuční procesy komentované dokumenty (1946 - 1947)

Podrobná bibliografia
Hlavný autor: Kaplan, Karel, 1928-2023 (Autor)
Médium: Kniha
Jazyk:čeština
slovenčina
Fyzický popis:346 strán 21 cm
Vydavateľské údaje: Praha Ústav pro soudobé dějiny ČSAV 1992
ISBN:8085270056
Predmet:

MARC

LEADER 00000cam a2200000 a 4500
001 vtls001136989
003 SK-MaSNL
005 20260311145713.0
008 240226s1992 xr frn 001 0 cze
015 |a SNBA1992 
020 |a 8085270056  |q (brožované) 
035 |a SNK000079842 
035 |a EE38D066-B5F6-491F-AC8F-62F78D8EACFE 
035 |a urn:nbn:sk:snk-am00ijkv 
040 |a SNK  |b slo  |c SNK  |e AACR2 
041 0 |a cze  |a slo  |b eng 
043 |a e-cs--- 
044 |a xr  |c CZ 
072 7 |a 343  |x Trestné právo  |2 konspekt 
080 |a 343.301(437.1)"1946/1947"  |2 1981 
080 |a 343.1  |2 2011 
080 |a 343.1:32  |2 2011 
080 |a 343.24:341.38  |2 2011 
080 |a (437)  |2 2011 
080 |a (093)  |2 2011 
080 |a (0.072)  |2 2011 
080 |a 34(091)  |2 2011 
100 1 |a Kaplan, Karel,  |d 1928-2023  |4 aut  |9 228943 
245 1 0 |a Dva retribuční procesy  |b komentované dokumenty (1946 - 1947)  |c Karel Kaplan 
246 1 1 |a Two Retribution Trials (1946-1947)  |b documents with commentaries 
260 |a Praha  |b Ústav pro soudobé dějiny ČSAV  |c 1992 
300 |a 346 strán  |c 21 cm 
500 |a Spoluvydavateľ Státní ústřední archív v Praze 
504 |a Obsahuje bibliografické odkazy a register 
546 |a Anglické resumé. Čiastočný text v slovenčine. Súbežný názov v angličtine 
600 1 7 |a Tiso, Jozef,  |d 1887-1947  |2 SNKMA  |9 109798 
650 0 7 |a trestné súdnictvo  |2 SNKPH  |9 2378 
650 0 7 |a politické súdne procesy  |2 SNKPH  |9 4521 
650 0 7 |a súdne procesy  |2 SNKPH  |9 29433 
650 0 7 |a retribúcia, Česko-Slovensko, 1945-1948  |2 SNKPH  |9 4535 
650 0 7 |a právne dejiny  |2 SNKPH  |9 977 
651 7 |a Československo  |2 SNKPHgeo  |9 21376 
655 7 |a dokumenty  |2 SNKPH  |9 70482 
655 7 |a komentované vydanie  |2 SNKPH  |9 70501 
710 2 |a Státní ústřední archiv (Praha)  |4 pbl  |9 516389 
852 |a Slovenská národná knižnica 
919 |a 80-85270-05-6 
954 |a odborná, vedecká literatúra cudzojazyčná (svetová)  |2 lia 
958 |a SV 
958 |a OND 
958 |a NB 
958 |a EUIPO 
999 |c 1138017  |d 1139947 
952 |t P60, <03>, [BOOK], {603}  |a SNK  |b SNK  |y PREZ  |7 0  |p 17A0159752  |o snkSC 82358  |i snkKIP 7222/92  |0 0  |1 0  |4 0  |d 1998-09-10  |f 1  |l 0  |r 2025-08-19 00:00:00  |w 2026-02-24 
952 |a SNK  |b SNK  |y VYP  |7 0  |p 17A1157180  |o snkSC 82358 D1  |i snk2015/13628  |8 2  |g 0.50  |0 0  |1 0  |4 0  |d 2015-04-10  |l 0  |r 2026-02-24 19:25:34  |w 2026-02-24